000 01593naa a22003497a 4500
001 BR8502440
003 BR-BrBNA
005 20240918175609.0
007 ta
008 230509b bl.||||| |||| 00| 0 por d
040 _aBR-BrBNA
_bpor
_cBiblioteca Nacional de Agricultura
041 _a(Pt)
072 _aN20; F08
_b4520
_b4530
_b4560
090 _aN20 BR8502440
100 1 _aYamaoka, R.S.
111 1 _aSimposio sobre Energia na Agricultura
_cJaboticabal, SP (Brazil)
_d20-23 Feb 1984
245 1 _aEquipamentos [arado, grade, picadeira, pulverizador, escarificador, semeadeira]
260 3 _aJaboticabal, SP (Brasil):
_c1985.
500 _aFerreira, M.E.; Pereira, V. de P.; Cruz, M.C.P. da (eds.) Energia na agricultura; tecnologias poupadoras de insumos, integracao de sistemas energeticos, producao de alimentos Jaboticabal, SP (Brasil): 1985. p. 55-81 (BR8502440-AM)N20
650 _aCULTIVO MINIMO
650 _aPLANTIO DIRETO
650 _aARADO DE AIVECA
650 _aARADO DE DISCO
650 _aGRADE DE DISCO
650 _aESCARIFICADOR
650 _aPICADEIRA
650 _aPULVERIZADOR
650 _aSEMEADURA
773 0 _tEnergia na agricultura; tecnologias poupadoras de insumos, integracao de sistemas energeticos, producao de alimentos
_aFerreira, M.E.; Pereira, V. de P.; Cruz, M.C.P. da (eds.). Universidade Estadual Paulista Julio de Mesquita Filho, Jaboticabal, SP (Brasil). Faculdade de Ciencias Agrarias e Veterinarias
_wN20 BR8502440
_gJaboticabal, SP (Brasil), 1985. p. 55-81
909 _a202404
_bLucia
_c55
_dLucia Elande
942 _cAM
_2AGRIS
999 _c317388
_d317388